| 000 | 00872nam a22002177a 4500 | ||
|---|---|---|---|
| 999 |
_c6589 _d6589 |
||
| 003 | AR-CdUCM | ||
| 008 | 190318b ||||| |||| 00| 0 spa d | ||
| 040 |
_aMUNICIPALIDAD PROVINCIAL DEL CUSCO _cBIBLIOTECA MUNICIPAL DEL CUSCO |
||
| 082 |
_a985.061 / _bM58 |
||
| 100 |
_aMilla Batres, Carlos _914813 |
||
| 245 |
_aMemorias del Mariscal Andres A. Caceres : _bLa guerra del 79 y sus campañas / |
||
| 260 |
_aLima: _bMilla Batres, _c1986. |
||
| 300 |
_a174 paginas ; _c24 cm. |
||
| 505 | _aContenido : Nota del editor -- Cáceres el héroe -- Memorias y archivo de Cáceres -- Palabras finales (J. G. Leguia) -- Prologo a la primera edición -- Introducción ... | ||
| 650 |
_aLa guerra con Chile _918550 |
||
| 650 |
_aHistoria de la república _918551 |
||
| 650 |
_aHistoria del Perú _9259 |
||
| 700 |
_aGuerrero, Julio C _99626 |
||
| 942 |
_2ddc _cLIBROS |
||
| 945 | _arah | ||